Documentos jesuíticos relativos a la historia de la Compañía de Jesús en Venezuela

Gorde:
Xehetasun bibliografikoak
Egile nagusia: Rey Fajardo, José del (Egilea)
Formatua: Liburua
Hizkuntza:gaztelania
Argitaratua: Caracas Fuentes para la Historia Colonial de Venezuela 1966
Saila:Biblioteca de la Academia Nacional de la Historia, 118
Gaiak:
Etiketak: Etiketa erantsi
Etiketarik gabe, Izan zaitez lehena erregistro honi etiketa jartzen!

MARC

LEADER 00000nam a2200000 a 4500
001 UCS8679
003 CL-VaPUC
008 971107e19660000VE |||||||||||||||||spa|d
082 0 4 |a 271.53  |b REY  |2 21 
100 0 |a Rey Fajardo, José del  |e author  |9 393458 
245 1 0 |a Documentos jesuíticos relativos a la historia de la Compañía de Jesús en Venezuela 
300 |a v 
942 |c BK 
945 |d 19971107 00:00:00  |a cmena 
260 |a Caracas  |b Fuentes para la Historia Colonial de Venezuela  |c 1966 
600 0 7 |a COMPAÑIA DE JESUS  |2 CL-VaPUC  |9 318179 
600 0 7 |a JESUITAS  |2 CL-VaPUC  |9 323765 
650 0 |a Iglesia   |9 255004 
650 0 |a Misioneros  |9 324171 
650 0 |a Historia venezolana  |9 393448 
650 7 |a MISIONES RELIGIOSAS  |2 CL-VaPUC  |9 393449 
650 7 |a EVANGELIZACION  |2 CL-VaPUC  |9 393459 
651 0 |a Venezuela  |9 254993 
583 |a last modification  |c 19971107 00:00:00  |k Rodrigo Vera 
490 0 |a Biblioteca de la Academia Nacional de la Historia, 118 
999 |c 262949  |d 262947 
952 |0 0  |1 0  |4 0  |6 271_530000000000000_REY_1966  |7 0  |8 A  |9 292002  |a BIBDER  |b BIBDER  |d 2019-11-19  |h v.1  |i 1900315  |o 271.53 REY 1966  |p 1900315  |r 2023-01-25  |w 2019-11-19  |y BK  |k DER 
952 |0 0  |1 0  |4 0  |6 271_530000000000000_REY_1966  |7 0  |8 A  |9 292003  |a BIBDER  |b BIBDER  |d 2019-11-19  |h v.2  |i 1900323  |o 271.53 REY 1966  |p 1900323  |r 2023-01-25  |w 2019-11-19  |y BK  |k DER 
952 |0 0  |1 0  |4 0  |6 271_530000000000000_REY_1966  |7 0  |8 A  |9 292004  |a BIBDER  |b BIBDER  |d 2019-11-19  |h v.3  |i 1760335  |o 271.53 REY 1966  |p 1760335  |r 2023-01-25  |w 2019-11-19  |y BK  |k DER